Sports Quiz

Random Sports or Tennis Quiz

Women's Tennis Grand Slam Quiz Stats

 Plays Quiz Updated Jan 10, 2019

     
Support Sporcle.
Go Orange.
Score 0/12 Timer 04:00
8 Plays Today
# Titles Player % Correct
23Serena Williams
96.5%
7Venus Williams
96.3%
22Steffi Graf
90.1%
18Martina Navratilova
82.6%
5Maria Sharapova
82.1%
5Martina Hingis
70.6%
18Chris Evert
70.3%
9Monica Seles
69.3%
7Justine Henin
68.7%
8Billie Jean King
62.5%
11Margaret Smith Court
53.1%
7Evonne Goolagong Cawley
39.1%

From the Vault

30 Two-Word 'A' Musicians Match-Up

by SporcleEXP

Music 5m
Anyone out there who doesn't like music puns has our symphony.
Remove Ads.
Support Sporcle.
Get the best of Sporcle when you Go Orange. This ad-free experience offers more features, more stats, and more fun while also helping to support Sporcle. Thank you for becoming a member.

Show Comments

Extras

Top Quizzes Today


Score Distribution

Your Account Isn't Verified!

In order to create a playlist on Sporcle, you need to verify the email address you used during registration. Go to your Sporcle Settings to finish the process.

Report this User

Report this user for behavior that violates our Community Guidelines.

Details: